Los fenomenos microvolcanicos en el pedregal de San Angel (Record no. 2666)

MARC details
000 -CABECERA
campo de control de longitud fija 00908nam a2200241 a 4500
001 - NÚMERO DE CONTROL
campo de control BRCA_2927
005 - FECHA Y HORA DE LA ÚLTIMA TRANSACCIÓN
campo de control 20190320204030.0
008 - DATOS DE LONGITUD FIJA--INFORMACIÓN GENERAL
campo de control de longitud fija 151208s1919----mx-a---###---#000-0#spa-#
041 ## - CÓDIGO DE LENGUA
Código de lengua del texto/banda sonora o título independiente spa
044 ## - CÓDIGO DEL PAÍS DE LA ENTIDAD EDITORA/PRODUCTORA
Código MARC del país mx
050 #4 - SIGNATURA TOPOGRÁFICA DE LA BIBLIOTECA DEL CONGRESO
Número de clasificación QE527
Número de documento/Ítem .W58 1919
100 1# - ENTRADA PRINCIPAL--NOMBRE DE PERSONA
Nombre de persona Wittich, Ernest Ludwig Maximilian Emile
9 (RLIN) 8146
245 10 - MENCIÓN DE TÍTULO
Título Los fenomenos microvolcanicos en el pedregal de San Angel
Mención de responsabilidad, etc. por Ernesto Wittich.
260 ## - PUBLICACIÓN, DISTRIBUCIÓN, ETC.
Lugar de publicación, distribución, etc. México
Nombre del editor, distribuidor, etc. [Sociedad Científica ´Antonio Alzate´]
Fecha de publicación, distribución, etc. 1919
300 ## - DESCRIPCIÓN FÍSICA
Extensión p. 101-120
Otras características físicas il., 8 láminas
Dimensiones 23 cm.
440 #0 - MENCIÓN DE SERIE/PUNTO DE ACCESO ADICIONAL--TÍTULO
Título Memorias de la Sociedad Científica ´Antonio Alzate´ de México
Designación de volumen o secuencia t. 38, núm. 3 enero, 1919
9 (RLIN) 8147
500 ## - NOTA GENERAL
Nota general Incluye dedicatoria manuscrita en alemán de von Verf [para el señor Franz Mayer con los mejores deseos, México 1 mayo 1919]?
500 ## - NOTA GENERAL
Nota general B68
504 ## - NOTA DE BIBLIOGRAFÍA, ETC.
Nota de bibliografía, etc. Bibliografía: p. 119-120
650 14 - PUNTO DE ACCESO ADICIONAL DE MATERIA--TÉRMINO DE MATERIA
Término de materia o nombre geográfico como elemento de entrada Volcanes
9 (RLIN) 8148
902 ## - CATALOGADOR
Iniciales GFM
942 ## - ELEMENTOS DE PUNTO DE ACCESO ADICIONAL (KOHA)
Fuente del sistema de clasificación o colocación Library of Congress Classification
Tipo de ítem Koha Libros
Holdings
Estado de retiro Estado de pérdida Estado dañado No para préstamo Localización permanente Ubicación/localización actual Fecha de adquisición Número de inventario Total de préstamos Signatura topográfica completa Código de barras Fecha visto por última vez Precio válido a partir de Tipo de ítem Koha
El ejemplar forma parte de la colección y puede ser consultado según las políticas vigentes.       Biblioteca del Museo Franz Mayer (Rogerio Casas-Alatriste) Biblioteca del Museo Franz Mayer (Rogerio Casas-Alatriste) 15/12/2008 B68   QE527 .W58 1919 (B68) 2924 22/03/2019 22/03/2019 Libros